00498nam a2200193 a 4500001001300000003000900013005001700022008004100039020001000080082001300090100002200103245003700125260004000162300000900202500003500211505001000246650002600256700002200282nice12345678IN_TiNIC20260116012553.0050524s0000 hyda grp 000 0 urd  ac10000a821bSAR aSarfraz, Ul Hasan aJohon Milton Ka Risala-E-Taleem. aHyderabadbOsmania Universityc0000 a104p aincludes index and biblioraphy2 aIndex aEnglish-Poetry-milton1 aSarfraz, Ul Hasan